[Event "2017 Oceania Zone 3.6 Zonal Championship"]
[Site "Auckland NZL"]
[Date "2017.01.16"]
[Round "4.1"]
[White "Ang, Alphaeus Wei Ern"]
[Black "Smirnov, Anton"]
[Result "0-1"]
[WhiteElo "2271"]
[BlackElo "2519"]
[PlyCount "82"]
[EventDate "2017.01.14"]

1. d4 d5 2. c4 c6 3. Nc3 Nf6 4. Nf3 e6 5. Bg5 Nbd7 6. e3 Qa5 7. cxd5 Nxd5 8.
Qd2 Bb4 9. Rc1 h6 10. Bh4 O-O 11. Bd3 e5 12. O-O Re8 13. Qc2 exd4 14. Nxd4 Nxc3
15. bxc3 Bf8 16. Rfd1 Ne5 17. Be2 Bd7 18. Rd2 c5 19. Nb3 Qc7 20. Bg3 Bc6 21.
Rcd1 b6 22. Nd4 Bb7 23. Nf5 Qc6 24. f3 c4 25. Nd6 Bxd6 26. Rxd6 Qc5 27. Qd2 b5
28. Bf2 Qa3 29. f4 Nd3 30. Bxd3 cxd3 31. Qxd3 Be4 32. Qd2 Rac8 33. Bh4 Rxc3 34.
Ra6 Qxa6 35. Qxc3 Qxa2 36. Rd2 Qb1+ 37. Kf2 Qh1 38. Kg3 Qe1+ 39. Kg4 Bf5+ 40.
Kxf5 Qxh4 41. g4 g6# 0-1

[Event "2017 Oceania Zone 3.6 Zonal Championship"]
[Site "Auckland NZL"]
[Date "2017.01.16"]
[Round "4.2"]
[White "Illingworth, Max"]
[Black "Ker, Anthony F"]
[Result "1-0"]
[WhiteElo "2481"]
[BlackElo "2300"]
[PlyCount "91"]
[EventDate "2017.01.14"]

1. d4 d6 2. Nf3 Bg4 3. e4 Nf6 4. Nc3 e6 5. h3 Bh5 6. Qe2 c6 7. g4 Bg6 8. h4 h5
9. g5 Nfd7 10. d5 cxd5 11. exd5 e5 12. Bh3 Be7 13. Be3 O-O 14. O-O-O Na6 15.
Rhe1 Re8 16. Nd2 Ndc5 17. Nc4 Bf8 18. a3 Nd7 19. f3 Nac5 20. b4 Na4 21. Nxa4 b5
22. Nxd6 Bxd6 23. Qxb5 Nf8 24. Nc5 a5 25. Qc6 axb4 26. Nb7 Qb8 27. Nxd6 Rxa3
28. Qxe8 Qxd6 29. Qc6 Qb8 30. Qb6 Qa8 31. Qxb4 Ra2 32. Qb3 Rxc2+ 33. Qxc2 Bxc2
34. Kxc2 Qa2+ 35. Kd3 Qa6+ 36. Ke4 Qc4+ 37. Kxe5 Ng6+ 38. Kd6 Qa6+ 39. Kc7 Qc4+
40. Kb7 Ne7 41. Bb6 Nxd5 42. g6 Qb5 43. Rb1 Nb4 44. Rxb4 Qd5+ 45. Kc7 Kf8 46.
Rd4 1-0

[Event "2017 Oceania Zone 3.6 Zonal Championship"]
[Site "Auckland NZL"]
[Date "2017.01.16"]
[Round "4.3"]
[White "Garbett, Paul A"]
[Black "Zelesco, Karl"]
[Result "0-1"]
[WhiteElo "2229"]
[BlackElo "2345"]
[PlyCount "154"]
[EventDate "2017.01.14"]

1. e4 e6 2. d4 d5 3. Nd2 Nf6 4. e5 Nfd7 5. Bd3 c5 6. c3 Nc6 7. Ne2 cxd4 8. cxd4
f6 9. exf6 Nxf6 10. Nf3 Bd6 11. O-O Qc7 12. h3 O-O 13. Be3 Bd7 14. Re1 a6 15.
a3 Nh5 16. Qc2 h6 17. Nh4 Ne7 18. Qxc7 Bxc7 19. Rac1 Rac8 20. Ng6 Nxg6 21. Bxg6
Be8 22. Bb1 Bb5 23. Bg6 Nf6 24. Nf4 Bxf4 25. Bxf4 Rxc1 26. Rxc1 Be8 27. Bd3 Ne4
28. Be3 Nd6 29. g3 Bb5 30. Bxb5 Nxb5 31. a4 Na7 32. Kf1 Nc6 33. Ke2 Kf7 34. f4
Ke7 35. Kd3 Kd7 36. Bd2 Rf6 37. b4 Rg6 38. g4 Rf6 39. Ra1 Na7 40. h4 Nc8 41. g5
hxg5 42. hxg5 Rf8 43. Rh1 Nd6 44. Rh7 Nf5 45. Rh1 Rc8 46. Bc3 Ke7 47. b5 axb5
48. Rb1 Nd6 49. axb5 Kd7 50. Bb4 Nf5 51. Ra1 Nxd4 52. Bc3 Nf5 53. Be5 Rc5 54.
g6 Rxb5 55. Rc1 Rb3+ 56. Kd2 Rg3 57. Rc7+ Kd8 58. Rxb7 Rxg6 59. Kc3 Rg1 60. Ra7
Ke8 61. Ra8+ Kf7 62. Ra7+ Kg8 63. Ra8+ Kh7 64. Re8 Rc1+ 65. Kb4 Nd4 66. Ka3 Nf3
67. Rxe6 d4 68. Re7 Nxe5 69. Rxe5 d3 70. Rd5 Rf1 71. Rxd3 Rxf4 72. Kb2 g5 73.
Kc2 Kg6 74. Kd2 Re4 75. Re3 Rxe3 76. Kxe3 Kh5 77. Kf3 Kh4 0-1

[Event "2017 Oceania Zone 3.6 Zonal Championship"]
[Site "Auckland NZL"]
[Date "2017.01.16"]
[Round "4.4"]
[White "Dale, Ari"]
[Black "Soo-Burrowes, Eliot W"]
[Result "1-0"]
[WhiteElo "2333"]
[BlackElo "2040"]
[PlyCount "91"]
[EventDate "2017.01.14"]

1. d4 Nf6 2. c4 g6 3. Nc3 d5 4. cxd5 Nxd5 5. e4 Nxc3 6. bxc3 Bg7 7. Be3 c5 8.
Rc1 O-O 9. Qd2 e5 10. Nf3 cxd4 11. cxd4 exd4 12. Nxd4 Bd7 13. Bc4 Nc6 14. Nf3
Qa5 15. O-O Qxd2 16. Bxd2 Ne5 17. Nxe5 Bxe5 18. Bd5 Bb5 19. Rfd1 Be2 20. Re1
Ba6 21. Be3 Rfd8 22. Rb1 Rd7 23. Rb3 Rc8 24. Bxa7 Bc4 25. Rc1 Rdc7 26. Rxc4
Rxc4 27. Bxc4 Rxc4 28. Be3 Rxe4 29. Rxb7 Ra4 30. Ra7 Rb4 31. g3 h5 32. h4 Bd4
33. Ra3 Kg7 34. Kg2 Be5 35. Kf3 Kf6 36. Ra6+ Kf5 37. Ra7 f6 38. a4 Rb3 39. a5
Bd4 40. Re7 Ra3 41. a6 Bc5 42. Re8 g5 43. hxg5 fxg5 44. Ra8 Kg6 45. a7 Kg7 46.
Rc8 1-0

[Event "2017 Oceania Zone 3.6 Zonal Championship"]
[Site "Auckland NZL"]
[Date "2017.01.16"]
[Round "4.5"]
[White "Wastney, Scott"]
[Black "Wheeler, Bruce"]
[Result "0-1"]
[WhiteElo "2350"]
[BlackElo "2120"]
[PlyCount "68"]
[EventDate "2017.01.14"]

1. e4 e5 2. Nf3 Nc6 3. Bb5 a6 4. Ba4 d6 5. Bxc6+ bxc6 6. d4 f6 7. Nh4 Ne7 8.
O-O Be6 9. dxe5 fxe5 10. Bg5 Qd7 11. Nc3 Ng6 12. Nxg6 hxg6 13. Qd3 Be7 14. Qg3
O-O-O 15. Bxe7 Qxe7 16. Qxg6 Rh6 17. Qg3 Rdh8 18. Rfe1 g5 19. Nd1 Qh7 20. f3 g4
21. fxg4 Rxh2 22. Nf2 Rh4 23. Rad1 Rf8 24. g5 Rhf4 25. Rf1 Bc4 26. Nd3 Qxe4 27.
Nxf4 exf4 28. Qg4+ Be6 29. Qf3 Qc4 30. b3 Qc5+ 31. Qf2 Qxg5 32. c4 f3 33. Rd3
Bg4 34. Qg3 f2+ 0-1

[Event "2017 Oceania Zone 3.6 Zonal Championship"]
[Site "Auckland NZL"]
[Date "2017.01.16"]
[Round "4.6"]
[White "Kulashko, Alexei"]
[Black "Chew Lee, Max"]
[Result "1-0"]
[WhiteElo "2344"]
[BlackElo "2204"]
[PlyCount "45"]
[EventDate "2017.01.14"]

1. e4 e6 2. d4 d5 3. Nd2 Be7 4. Bd3 Nf6 5. e5 Nfd7 6. Qh5 c5 7. c3 Nc6 8. Ne2
g6 9. Qh6 Bf8 10. Qh3 c4 11. Bc2 b5 12. Nf3 Qc7 13. Bh6 a5 14. O-O b4 15. Ng5
Nb6 16. Bxf8 Kxf8 17. Qh6+ Kg8 18. Ng3 f5 19. exf6 Nd8 20. f4 Ra7 21. f5 exf5
22. Rae1 Qc6 23. Re7 1-0

[Event "2017 Oceania Zone 3.6 Zonal Championship"]
[Site "Auckland NZL"]
[Date "2017.01.16"]
[Round "4.7"]
[White "Gong, Daniel Hanwen"]
[Black "Hague, Ben"]
[Result "1/2-1/2"]
[WhiteElo "2090"]
[BlackElo "2333"]
[PlyCount "69"]
[EventDate "2017.01.14"]

1. e4 c5 2. Nf3 Nc6 3. Nc3 e5 4. Bc4 Be7 5. O-O Nf6 6. d3 O-O 7. a4 d6 8. h3
Be6 9. Nd5 Bxd5 10. exd5 Nb4 11. c3 Nbxd5 12. d4 cxd4 13. cxd4 Nb6 14. Bb3 e4
15. Nh4 d5 16. Nf5 Nc4 17. Bg5 h6 18. Bh4 Qd7 19. Nxe7+ Qxe7 20. Bxc4 dxc4 21.
Qe2 Rac8 22. Rac1 Qe6 23. Bxf6 gxf6 24. Rc3 f5 25. Rfc1 Rfd8 26. Rxc4 Rxc4 27.
Qxc4 Qf6 28. Rd1 Kg7 29. d5 Qe5 30. b3 Kf6 31. Qc5 b6 32. Qc6+ Qd6 33. Qc3+ Qe5
34. Qc6+ Qd6 35. Qc3+ 1/2-1/2

[Event "2017 Oceania Zone 3.6 Zonal Championship"]
[Site "Auckland NZL"]
[Date "2017.01.16"]
[Round "4.8"]
[White "Parsonage, Ian P"]
[Black "Dive, Russell J"]
[Result "0-1"]
[WhiteElo "2043"]
[BlackElo "2304"]
[PlyCount "70"]
[EventDate "2017.01.14"]

1. e4 c6 2. Nc3 d5 3. Nf3 h6 4. d4 dxe4 5. Nxe4 Bf5 6. Bd3 e6 7. O-O Nf6 8. Re1
Nxe4 9. Bxe4 Bxe4 10. Rxe4 Nd7 11. c3 Nf6 12. Re1 Bd6 13. Ne5 O-O 14. Qf3 Rc8
15. Bf4 Bb8 16. Rad1 Qd5 17. Qh3 Qxa2 18. Rd3 Kh7 19. Rg3 Ne8 20. Qh5 Bxe5 21.
dxe5 Qc4 22. Bc1 Rc7 23. Qd1 b6 24. b3 Qd5 25. Rd3 Qa5 26. Qc2 Kh8 27. Rh3 f5
28. Bf4 Rd7 29. Qc1 Kg8 30. Bxh6 gxh6 31. Qxh6 Ng7 32. Qh7+ Kf7 33. Rg3 Qxe5
34. Kf1 Qf6 35. h4 Rdd8 0-1

[Event "2017 Oceania Zone 3.6 Zonal Championship"]
[Site "Auckland NZL"]
[Date "2017.01.16"]
[Round "4.9"]
[White "Gong, Patrick"]
[Black "Yan, Matthew"]
[Result "1-0"]
[WhiteElo "2303"]
[BlackElo "2019"]
[PlyCount "71"]
[EventDate "2017.01.14"]

1. e4 d5 2. exd5 Nf6 3. d4 Bg4 4. f3 Bf5 5. Bb5+ c6 6. dxc6 Nxc6 7. c3 Qb6 8.
Bxc6+ Qxc6 9. Ne2 O-O-O 10. O-O h5 11. Na3 h4 12. Rf2 e5 13. Qb3 Be6 14. Qb5
Qc7 15. Bg5 a6 16. Qxe5 Bd6 17. Qe3 Bxh2+ 18. Kh1 Nd5 19. Bxd8 Qxd8 20. Qe4 Bg3
21. Kg1 Qg5 22. f4 Qh5 23. Qe5 Qg6 24. Rf3 Ne7 25. Qg5 Qe4 26. Qe5 Qh7 27. Nc4
Bxc4 28. Qxe7 Be6 29. f5 Bd7 30. Qxf7 Qh6 31. Qg6 Qd2 32. Qxg7 Rh5 33. Qg8+ Kc7
34. Nxg3 hxg3 35. Qxg3+ Kb6 36. Qg6+ 1-0

[Event "2017 Oceania Zone 3.6 Zonal Championship"]
[Site "Auckland NZL"]
[Date "2017.01.16"]
[Round "4.10"]
[White "Lane, Gary W"]
[Black "Tsai, Charles"]
[Result "1-0"]
[WhiteElo "2404"]
[BlackElo "1908"]
[PlyCount "63"]
[EventDate "2017.01.14"]

1. e4 e6 2. d4 d5 3. Nd2 c5 4. exd5 Qxd5 5. Ngf3 cxd4 6. Bc4 Qd6 7. O-O Nf6 8.
Nb3 a6 9. Nbxd4 Qc7 10. Qe2 Be7 11. Re1 O-O 12. Bg5 h6 13. Bh4 Nbd7 14. Nxe6
fxe6 15. Bxe6+ Kh8 16. Bxd7 Bxd7 17. Qxe7 Rae8 18. Qb4 Nd5 19. Qd4 Nb6 20. Bg3
Qd8 21. Rxe8 Rxe8 22. Rd1 Re6 23. h3 Qf6 24. Ne5 Be8 25. c4 Nc8 26. Qd8 Nd6 27.
Rxd6 Rxd6 28. Qxe8+ Kh7 29. Ng4 Rd1+ 30. Kh2 Qxb2 31. Be5 Qc1 32. Nf6+ 1-0

[Event "2017 Oceania Zone 3.6 Zonal Championship"]
[Site "Auckland NZL"]
[Date "2017.01.16"]
[Round "4.11"]
[White "Croad, Nicholas"]
[Black "Kumar, Manoj"]
[Result "1-0"]
[WhiteElo "2278"]
[BlackElo "1962"]
[PlyCount "59"]
[EventDate "2017.01.14"]

1. d4 d5 2. c4 e6 3. Nc3 Nf6 4. cxd5 exd5 5. Bg5 Be7 6. e3 c6 7. Qc2 Nbd7 8.
Bd3 O-O 9. Nf3 Re8 10. O-O Nf8 11. Rab1 g6 12. b4 a6 13. a4 Ne6 14. Bh4 Ng7 15.
b5 axb5 16. axb5 Bf5 17. bxc6 Bxd3 18. Qxd3 bxc6 19. Ne5 Qc7 20. Rfc1 Qd6 21.
Ne2 Rec8 22. Bg3 Qa3 23. Qxa3 Bxa3 24. Rxc6 Rxc6 25. Nxc6 Rc8 26. Rb8 Rxb8 27.
Bxb8 Ne6 28. Nc3 Bb2 29. Ne7+ Kf8 30. Nexd5 1-0

[Event "2017 Oceania Zone 3.6 Zonal Championship"]
[Site "Auckland NZL"]
[Date "2017.01.16"]
[Round "4.12"]
[White "Louie, Ryan"]
[Black "Choong, Yita"]
[Result "0-1"]
[WhiteElo "1972"]
[BlackElo "2275"]
[PlyCount "94"]
[EventDate "2017.01.14"]

1. d4 Nf6 2. c4 g6 3. Nc3 Bg7 4. e4 d6 5. Nf3 O-O 6. Be2 e5 7. O-O Nc6 8. d5
Ne7 9. Ne1 Nd7 10. f3 f5 11. Nd3 Nf6 12. b4 f4 13. Ba3 g5 14. c5 Ng6 15. b5 h5
16. Nf2 Rf7 17. Bb4 Bf8 18. cxd6 Bxd6 19. Bxd6 cxd6 20. a4 Rg7 21. Ra3 Nh8 22.
Nb1 g4 23. fxg4 hxg4 24. a5 g3 25. hxg3 fxg3 26. Nh3 Nxe4 27. Bd3 Qh4 28. Bxe4
Qxe4 29. Qf3 Qd4+ 30. Qe3 Qh4 31. Rf3 Bxh3 32. gxh3 Qxh3 33. Rxg3 Qxg3+ 34.
Qxg3 Rc8 35. Qxg7+ Kxg7 36. Rc3 Rxc3 37. Nxc3 Nf7 38. a6 b6 39. Na4 Ng5 40. Kf2
Ne4+ 41. Ke3 Nf6 42. Kd3 Nxd5 43. Kc4 Nc7 44. Nb2 Kf6 45. Nd3 d5+ 46. Kb4 Ke6
47. Nc5+ bxc5+ 0-1

[Event "2017 Oceania Zone 3.6 Zonal Championship"]
[Site "Auckland NZL"]
[Date "2017.01.16"]
[Round "4.13"]
[White "Willathgamuwa, Kevin"]
[Black "McLaren, Leonard J"]
[Result "1/2-1/2"]
[WhiteElo "1966"]
[BlackElo "2254"]
[PlyCount "74"]
[EventDate "2017.01.14"]

1. e4 c5 2. c3 d5 3. exd5 Qxd5 4. d4 Nf6 5. Nf3 e6 6. Na3 Qd8 7. Bd3 Nc6 8. Nc2
cxd4 9. Ncxd4 Nxd4 10. Nxd4 Be7 11. O-O O-O 12. Re1 a6 13. Bf4 Nd5 14. Be5 Bf6
15. Nf3 Bd7 16. Be4 Bc6 17. c4 Nb4 18. Qb3 Bxe4 19. Rxe4 Qe7 20. Bxf6 gxf6 21.
Rd4 Nc6 22. Rd2 Rfd8 23. Rad1 Rxd2 24. Rxd2 Rd8 25. Rxd8+ Qxd8 26. g3 Qd7 27.
Kg2 e5 28. Qe3 Qe6 29. Qe4 f5 30. Qd5 e4 31. Nh4 Qxd5 32. cxd5 Nd4 33. f4 Kf8
34. Kf2 Ke7 35. Ke3 Nc2+ 36. Kd2 Nd4 37. Ke3 Nc2+ 1/2-1/2

[Event "2017 Oceania Zone 3.6 Zonal Championship"]
[Site "Auckland NZL"]
[Date "2017.01.16"]
[Round "4.14"]
[White "Smith, Robert W"]
[Black "Yu, Bobby"]
[Result "1-0"]
[WhiteElo "2238"]
[BlackElo "1955"]
[PlyCount "89"]
[EventDate "2017.01.14"]

1. e4 e6 2. d4 d5 3. Nc3 Bb4 4. e5 c5 5. Bd2 Nh6 6. Nb5 Bxd2+ 7. Qxd2 O-O 8. f4
cxd4 9. Nf3 Nc6 10. Nbxd4 f6 11. exf6 Qxf6 12. g3 Nxd4 13. Qxd4 Qxd4 14. Nxd4
Bd7 15. Bh3 Rfe8 16. O-O-O g6 17. Rhe1 Nf5 18. Bxf5 exf5 19. Nf3 Bc6 20. Re5
Rad8 21. c3 Kg7 22. Rde1 Kf6 23. Nd4 Rxe5 24. Rxe5 Rd6 25. Kd2 Kf7 26. Ke3 Kf6
27. Nf3 h6 28. h4 Re6 29. Kd4 b6 30. b3 Be8 31. Ke3 Ke7 32. Nd4 Rxe5+ 33. fxe5
Bd7 34. Kf4 a6 35. b4 a5 36. bxa5 bxa5 37. Nb3 a4 38. Nc5 Bc6 39. a3 Bb5 40. h5
Kf7 41. e6+ Kf6 42. hxg6 Kxg6 43. Nd7 h5 44. Ke5 Bc6 45. Kd6 1-0

[Event "2017 Oceania Zone 3.6 Zonal Championship"]
[Site "Auckland NZL"]
[Date "2017.01.16"]
[Round "4.15"]
[White "Bennett, Hilton P"]
[Black "Nakauchi, Gene"]
[Result "1/2-1/2"]
[WhiteElo "1955"]
[BlackElo "2238"]
[PlyCount "103"]
[EventDate "2017.01.14"]

1. e4 c5 2. f4 Nc6 3. Nf3 g6 4. Bb5 Nd4 5. Nxd4 cxd4 6. Bc4 Bg7 7. d3 e6 8. O-O
d5 9. exd5 exd5 10. Bb5+ Bd7 11. Bxd7+ Qxd7 12. f5 gxf5 13. Qh5 Ne7 14. Bg5 Ng6
15. Bd2 f4 16. Bxf4 Nxf4 17. Rxf4 Qe6 18. Na3 Bh6 19. Rf5 O-O-O 20. Rxf7 Rhf8
21. Rxf8 Rxf8 22. Qh3 Be3+ 23. Kh1 Qxh3 24. gxh3 a6 25. Re1 h5 26. Re2 Rf1+ 27.
Kg2 Ra1 28. c4 dxc3 29. bxc3 Bc5 30. Nc2 Rxa2 31. Kf3 a5 32. d4 Bd6 33. Ne3
Rxe2 34. Kxe2 a4 35. Kd3 Kd7 36. Nxd5 Ke6 37. Nb6 a3 38. Kc2 Bxh2 39. Kb3 h4
40. Kxa3 Kf5 41. Nc4 Kf4 42. Ne5 Kg3 43. Kb4 Kxh3 44. Nf3 Bc7 45. c4 Kg3 46.
Nxh4 Kxh4 47. c5 Kg5 48. d5 Kf6 49. d6 Bd8 50. c6 bxc6 51. Kc5 Ke6 52. Kxc6
1/2-1/2

[Event "2017 Oceania Zone 3.6 Zonal Championship"]
[Site "Auckland NZL"]
[Date "2017.01.16"]
[Round "4.16"]
[White "Hu, Jason"]
[Black "Crossman, Tom"]
[Result "1-0"]
[WhiteElo "2181"]
[BlackElo "1945"]
[PlyCount "101"]
[EventDate "2017.01.14"]

1. d4 Nf6 2. Nf3 c5 3. e3 d5 4. a3 Qc7 5. dxc5 Qxc5 6. b4 Qc7 7. Bb2 Nbd7 8.
Nc3 e6 9. Nb5 Qb8 10. c4 a6 11. Nc3 dxc4 12. Bxc4 Be7 13. Nd4 O-O 14. Ba2 Nb6
15. O-O Bd7 16. Rc1 Kh8 17. f4 e5 18. Nf3 exf4 19. Qd4 Qd6 20. Qxf4 Qxf4 21.
exf4 a5 22. Ne5 axb4 23. axb4 Be6 24. Bxe6 fxe6 25. b5 Nfd5 26. g3 Nxc3 27.
Bxc3 Nd5 28. Bd4 Ra4 29. Bf2 Rb4 30. Rb1 Ra8 31. Rxb4 Bxb4 32. Rd1 g6 33. Nf7+
Kg7 34. Ng5 Re8 35. Nxe6+ Rxe6 36. Rxd5 Re7 37. Kg2 h5 38. Kf3 Kf7 39. Bd4 Ba5
40. Be5 Bc7 41. Ke4 Bb6 42. Rd6 Re6 43. Kd5 Rxd6+ 44. Kxd6 Bg1 45. h3 Bf2 46.
g4 hxg4 47. hxg4 Be3 48. Kc7 b6 49. Kd7 Bc5 50. Bc7 Be3 51. Bd8 1-0

[Event "2017 Oceania Zone 3.6 Zonal Championship"]
[Site "Auckland NZL"]
[Date "2017.01.16"]
[Round "4.17"]
[White "Chan, Luis"]
[Black "Nicholls, Leighton"]
[Result "1-0"]
[WhiteElo "2135"]
[BlackElo "1929"]
[PlyCount "43"]
[EventDate "2017.01.14"]

1. d4 Nf6 2. c4 c5 3. d5 e5 4. Nc3 d6 5. e4 Be7 6. Bd3 Nbd7 7. Nge2 Nf8 8. Ng3
Ng6 9. Nf5 O-O 10. g3 h6 11. h4 a6 12. g4 Bxf5 13. exf5 Nf4 14. Bxf4 exf4 15.
g5 Nd7 16. gxh6 Re8 17. hxg7 Bf6+ 18. Kd2 Bxg7 19. Qg4 Qf6 20. Rhg1 Kf8 21. Kc2
Qd4 22. f6 1-0

[Event "2017 Oceania Zone 3.6 Zonal Championship"]
[Site "Auckland NZL"]
[Date "2017.01.16"]
[Round "4.18"]
[White "Chan, Kris"]
[Black "Wang, Tony"]
[Result "1-0"]
[WhiteElo "2120"]
[BlackElo "1913"]
[PlyCount "155"]
[EventDate "2017.01.14"]

1. d4 Nf6 2. c4 e6 3. Nc3 Bb4 4. e3 O-O 5. Nge2 c6 6. a3 Ba5 7. b4 Bc7 8. e4 e5
9. Bg5 h6 10. Bh4 Re8 11. d5 d6 12. Nc1 Bb6 13. Be2 Bd4 14. N1a2 g5 15. Bg3
Nxe4 16. Nxe4 Bxa1 17. Qxa1 f5 18. Bh5 Re7 19. Nf6+ Kg7 20. Ne8+ Rxe8 21. Bxe8
Qxe8 22. f4 Kh7 23. fxe5 f4 24. O-O fxg3 25. e6 gxh2+ 26. Kh1 Bxe6 27. dxe6
Qxe6 28. Rf8 Qe7 29. Rh8+ Kg6 30. Qb1+ Kh5 31. Qd1+ g4 32. Nc1 Qe5 33. Rf8 Qe7
34. Qf1 Kg6 35. Nd3 Kg7 36. Nf4 Kxf8 37. Ng6+ Ke8 38. Nxe7 Kxe7 39. Qe2+ Kd7
40. c5 dxc5 41. Qxg4+ Kc7 42. Qf4+ Kc8 43. Qf8+ Kc7 44. bxc5 b6 45. Qe7+ Kc8
46. Kxh2 bxc5 47. Qxc5 Kc7 48. Qe5+ Kb7 49. Qe7+ Kb6 50. Qe3+ c5 51. Qe8 a5 52.
a4 Kc7 53. Qe5+ Kb6 54. Qh8 Kc7 55. Qxh6 Ra6 56. Qf4+ Rd6 57. Qc4 Rc6 58. Qb5
c4 59. Qxa5+ Kb7 60. Qc3 Nd7 61. a5 Nf6 62. Qf3 Kc7 63. a6 Rxa6 64. Qf4+ Kd7
65. Qxc4 Re6 66. g4 Ke7 67. Kg3 Re3+ 68. Kf2 Re5 69. Kf3 Rg5 70. Qc7+ Ke6 71.
Qb6+ Kf7 72. Qc7+ Kg6 73. Qc2+ Kg7 74. Kf4 Rg6 75. Qb2 Kf7 76. Kf5 Rh6 77. g5
Rg6 78. Qb7+ 1-0

[Event "2017 Oceania Zone 3.6 Zonal Championship"]
[Site "Auckland NZL"]
[Date "2017.01.16"]
[Round "4.19"]
[White "Fan, Allen Chi Zhou"]
[Black "Zhang, Leo"]
[Result "1/2-1/2"]
[WhiteElo "1952"]
[BlackElo "2099"]
[PlyCount "74"]
[EventDate "2017.01.14"]

1. c4 g6 2. g3 Bg7 3. Bg2 c5 4. Nc3 Nc6 5. d3 d6 6. Rb1 Bf5 7. a3 Qd7 8. Bd2
Nf6 9. Qc1 O-O 10. e4 Bg4 11. h3 Be6 12. Nge2 Rab8 13. Nf4 Nd4 14. b4 b5 15.
Nxe6 Qxe6 16. Nxb5 Nxb5 17. cxb5 Rxb5 18. a4 Rbb8 19. b5 Rfc8 20. O-O c4 21.
Be3 cxd3 22. Qd1 Rc7 23. Qxd3 Nd7 24. Rfc1 Rbc8 25. Rxc7 Rxc7 26. a5 Ne5 27.
Qe2 Nc4 28. Rc1 Qc8 29. Bxa7 Nxa5 30. Rxc7 Qxc7 31. b6 Qc6 32. Qa2 Qb5 33. Qc2
Bd4 34. Bf1 Qb4 35. Qc8+ Kg7 36. Qa6 Qd2 37. Qe2 Qb4 1/2-1/2

[Event "2017 Oceania Zone 3.6 Zonal Championship"]
[Site "Auckland NZL"]
[Date "2017.01.16"]
[Round "4.20"]
[White "Kethro, Michael"]
[Black "Davis, Tony J"]
[Result "1-0"]
[WhiteElo "2091"]
[BlackElo "1851"]
[PlyCount "55"]
[EventDate "2017.01.14"]

1. d4 d5 2. Nf3 e6 3. g3 c5 4. Bg2 cxd4 5. O-O Nf6 6. Nxd4 e5 7. Nb3 Nc6 8. c4
d4 9. Bg5 Be7 10. e3 h6 11. Bxf6 Bxf6 12. exd4 exd4 13. Re1+ Kf8 14. N1d2 d3
15. Ne4 Bxb2 16. Rb1 Ba3 17. Re3 Be6 18. Nbc5 Bxc4 19. Nxb7 Qd4 20. Qa4 Be7 21.
Qxc6 Bxa2 22. Rd1 Bd5 23. Qd7 Qc4 24. Ned6 Qc2 25. Qxe7+ Kg8 26. Rexd3 Bxg2 27.
Kxg2 Kh7 28. Qe4+ 1-0

[Event "2017 Oceania Zone 3.6 Zonal Championship"]
[Site "Auckland NZL"]
[Date "2017.01.16"]
[Round "4.21"]
[White "Narenthran, Tharmaratnam"]
[Black "Mallari, Donato"]
[Result "0-1"]
[WhiteElo "1909"]
[BlackElo "2036"]
[PlyCount "140"]
[EventDate "2017.01.14"]

1. e4 c5 2. Nf3 Nc6 3. d4 cxd4 4. Nxd4 Nf6 5. Nc3 d6 6. Bc4 g6 7. Nxc6 bxc6 8.
e5 Ng4 9. exd6 exd6 10. O-O Ne5 11. Re1 Be7 12. Bb3 O-O 13. Bf4 Qc7 14. Qe2 a5
15. Rad1 Ba6 16. Qe3 Rad8 17. Ne4 Ng4 18. Qc3 c5 19. Bd5 a4 20. h3 Ne5 21. Bh6
Bb7 22. Bxb7 Qxb7 23. f4 d5 24. Qxe5 f6 25. Qe6+ Rf7 26. c4 Bf8 27. Nxf6+ Kh8
28. Ng4 d4 29. Ne5 Re7 30. Nxg6+ hxg6 31. Qf6+ Kg8 32. Qxg6+ Bg7 33. Bxg7 Rxg7
34. Re8+ Rxe8 35. Qxe8+ Kh7 36. Qh5+ Kg8 37. Qe8+ Kh7 38. Qh5+ Kg8 39. Qd5+
Qxd5 40. cxd5 Rb7 41. Rd2 Rd7 42. Kf2 Rxd5 43. Kf3 Kf7 44. Ke4 Ke6 45. g4 Rd7
46. f5+ Kd6 47. f6 Ke6 48. g5 Rd5 49. h4 Re5+ 50. Kf4 Rf5+ 51. Kg4 Rf1 52. Kh5
Rf4 53. Kg6 c4 54. Kg7 a3 55. g6 axb2 56. Rxb2 d3 57. f7 c3 58. Rb8 c2 59. Rb6+
Ke7 60. Rb7+ Kd8 61. f8=Q+ Rxf8 62. Kxf8 c1=Q 63. g7 Qf4+ 64. Rf7 Qd6+ 65. Kg8
Qe6 66. Kh8 Qxf7 67. g8=Q+ Qxg8+ 68. Kxg8 d2 69. h5 d1=Q 70. h6 Qg4+ 0-1

[Event "2017 Oceania Zone 3.6 Zonal Championship"]
[Site "Auckland NZL"]
[Date "2017.01.16"]
[Round "4.22"]
[White "Rains, Edward"]
[Black "Russell, Paul"]
[Result "1-0"]
[WhiteElo "2017"]
[BlackElo "1882"]
[PlyCount "79"]
[EventDate "2017.01.14"]

1. e4 c5 2. Nc3 Nc6 3. f4 g6 4. Nf3 Bg7 5. Bb5 Nd4 6. O-O e6 7. d3 a6 8. Ba4 b5
9. Bb3 Nxb3 10. axb3 Bb7 11. Qe1 Ne7 12. Qh4 O-O 13. f5 exf5 14. Bh6 f6 15.
Bxg7 Kxg7 16. Rae1 d6 17. Qg3 b4 18. Ne2 Qd7 19. Nf4 fxe4 20. dxe4 Kh8 21. Nd2
Rae8 22. Nc4 Nc6 23. Nd5 f5 24. Qxd6 Qg7 25. Qxc5 Nd4 26. Nd6 Rb8 27. Nxb7 Rxb7
28. exf5 Rb5 29. f6 Qf7 30. Qxd4 Rxd5 31. Qxb4 Qa7+ 32. Kh1 Qf7 33. Re7 Qg8 34.
Rg7 Rxf6 35. Rxg8+ Kxg8 36. Qc4 Rfd6 37. Rd1 Kg7 38. Rxd5 Re6 39. Rd7+ Kf6 40.
Qf4# 1-0

[Event "2017 Oceania Zone 3.6 Zonal Championship"]
[Site "Auckland NZL"]
[Date "2017.01.16"]
[Round "4.23"]
[White "Perera, Pasan"]
[Black "Cooper, Nigel"]
[Result "1-0"]
[WhiteElo "2004"]
[BlackElo "1643"]
[PlyCount "47"]
[EventDate "2017.01.14"]

1. Nf3 d5 2. d4 e6 3. e3 c5 4. b3 cxd4 5. exd4 Nf6 6. Bd3 Nc6 7. O-O g6 8. Re1
Bg7 9. Ba3 Ne7 10. c4 O-O 11. Nc3 Re8 12. Rc1 a6 13. Ne5 Nf5 14. Bb1 dxc4 15.
Bxf5 exf5 16. bxc4 Nd7 17. Nf3 b6 18. Rxe8+ Qxe8 19. Nd5 Rb8 20. Bd6 Rb7 21.
Qe1 Qxe1+ 22. Rxe1 Bf8 23. Re8 Kg7 24. Bxf8+ 1-0

[Event "2017 Oceania Zone 3.6 Zonal Championship"]
[Site "Auckland NZL"]
[Date "2017.01.16"]
[Round "4.24"]
[White "Louie, Jared"]
[Black "Ng, Clive"]
[Result "1-0"]
[WhiteElo "1895"]
[BlackElo "1997"]
[PlyCount "87"]
[EventDate "2017.01.14"]

1. d4 Nf6 2. Nf3 g6 3. c4 Bg7 4. Nc3 d6 5. e4 O-O 6. Be2 Na6 7. O-O c5 8. d5 e6
9. h3 exd5 10. exd5 Nc7 11. Bf4 Rb8 12. a4 a6 13. Qd2 Re8 14. Rfe1 b5 15. cxb5
Ne4 16. Nxe4 Rxe4 17. Bg5 Bf6 18. bxa6 Nxa6 19. Bb5 Bxg5 20. Qxg5 f6 21. Qd2
Rxe1+ 22. Rxe1 Nc7 23. Bc6 Bd7 24. Qc3 Kf7 25. Nd2 Rb4 26. Ne4 Bxc6 27. dxc6
Nd5 28. Qg3 Rxe4 29. Rxe4 Qc7 30. Qb3 Qxc6 31. Qc4 Kf8 32. Re2 Kg7 33. Qe4 f5
34. Qf3 Kf6 35. Rd2 Ke6 36. a5 Nb4 37. Re2+ Kd7 38. Qe3 Nd5 39. Qe8+ Kc7 40.
Qf7+ Kd8 41. Qf8+ Kc7 42. Qf7+ Kd8 43. a6 Nc7 44. Qf8+ 1-0

[Event "2017 Oceania Zone 3.6 Zonal Championship"]
[Site "Auckland NZL"]
[Date "2017.01.16"]
[Round "4.25"]
[White "Winkelman, Albert"]
[Black "Huang, Alex"]
[Result "1-0"]
[WhiteElo "1860"]
[BlackElo "1993"]
[PlyCount "83"]
[EventDate "2017.01.14"]

1. e4 e6 2. d4 d5 3. Nc3 Nf6 4. e5 Nfd7 5. f4 c5 6. Nf3 Nc6 7. Be3 Be7 8. Qd2
O-O 9. g3 a6 10. a4 Qa5 11. Ne2 Qb6 12. Bg2 Qxb2 13. O-O Qb6 14. c4 Nb4 15.
Rab1 Qa5 16. cxd5 exd5 17. dxc5 Bxc5 18. Bxc5 Qxc5+ 19. Nfd4 Nc6 20. Rfc1 Qa7
21. Kf1 Ndxe5 22. fxe5 Nxe5 23. Bxd5 Rd8 24. Qa5 Bh3+ 25. Kg1 Nc6 26. Qc5 Rxd5
27. Qxd5 Rd8 28. Qc5 Qxc5 29. Rxc5 Nxd4 30. Nxd4 Rxd4 31. Rxb7 g6 32. Ra5 Rd6
33. Kf2 Be6 34. Ke3 Kg7 35. Rc5 Bd5 36. Rb2 Bc6 37. a5 Re6+ 38. Kd4 Bf3 39. Rc3
Bg4 40. Rb6 Kf6 41. Rxe6+ fxe6 42. Re3 1-0

[Event "2017 Oceania Zone 3.6 Zonal Championship"]
[Site "Auckland NZL"]
[Date "2017.01.16"]
[Round "4.27"]
[White "Duneas, John"]
[Black "Taylor, Richard"]
[Result "1-0"]
[WhiteElo "2054"]
[BlackElo "1848"]
[PlyCount "59"]
[EventDate "2017.01.14"]

1. d4 Nf6 2. Nf3 e6 3. Bg5 c5 4. c3 cxd4 5. Nxd4 d5 6. e3 Be7 7. Nd2 O-O 8. Bd3
Nc6 9. N2f3 a6 10. Qc2 h6 11. Bh4 Bd7 12. O-O Rc8 13. a3 Qc7 14. Rad1 b5 15.
Rfe1 Rfe8 16. Bg3 Bd6 17. Nxc6 Bxg3 18. Nb4 Bd6 19. Nxa6 Qb6 20. Nb4 Bxb4 21.
axb4 Qd6 22. h3 Rb8 23. Ra1 Ra8 24. Nd4 Rxa1 25. Rxa1 Rc8 26. Qe2 e5 27. Nxb5
Qb6 28. Ra5 e4 29. Bc2 Qb7 30. Nd6 1-0